Miasta Afryki z ponad 500tys mieszkańców - Statystyki

Ogólne statystyki
  • Ten quiz został rozwiązany 27 razy
  • Średni wynik to 43 z 111
Statystyki odpowiedzi
Państwo Miasto % Poprawnych
Algieria Alger/Algier
100%
Egipt Al-Qahira/Kair
100%
Maroko Rabat
100%
Egipt Al-Iskandriya/Aleksandria
96%
Tunezja Tunis
96%
Senegal Dakar
92%
Libia Tarabulus/Trypolis
92%
Ghana Accra/Akra
88%
Etiopia Adis Abeba/Addis Abeba
88%
Sudan Al-Hartum/Chartum
88%
Republika Południowej Afryki Kaapstad/Cape Town/Kapsztad
88%
Nigeria Abuja/Abudża
83%
Maroko Casablanca
83%
Republika Południowej Afryki Johannesburg
83%
Demokratyczna Republika Konga Kinshasa/Kinszasa
83%
Nigeria Lagos
83%
Angola Luanda
83%
Somalia Muqdisho/Mogadiszu
83%
Burkina Faso Ouagadougou/Wagadugu
83%
Republika Południowej Afryki Pretoria
83%
Mali Bamako
79%
Zambia Lusaka
79%
Kenia Nairobi
79%
Madagaskar Antananarivo/Antananarywa
75%
Tanzania Dar Es Salaam
75%
Zimbabwe Harare
75%
Togo Lome
75%
Nig3r Niamey/Najmej
75%
Erytrea Asmera/Asmara
71%
Sierra Leone Freetown
71%
Uganda Kampala
71%
Liberia Monrovia
71%
Czad N'djamena/Ndżamena
71%
Wybrzeże Kości Słoniowej Abidjan/Abidżan
67%
Gwinea Conakry/Konakry
67%
Rwanda Kigali
67%
Maroko Marrakech/Marrakesz
67%
Mauretania Nouakchott/Nawakszut
67%
Republika Środkowoafrykańska Bangui/Bangi
63%
Kongo Brazzaville
63%
Maroko Fes/Fez
63%
Gabon Libreville
63%
Mozambik Maputo
63%
Kamerun Yaounde/Jaunde
63%
Republika Południowej Afryki Durban
58%
Nigeria Kano
58%
Malawi Lilongwe
58%
Algieria Oran
58%
Egipt Al-Giza/Giza
50%
Maroko Tanger
50%
Nigeria Ibadan
46%
Republika Południowej Afryki Bloemfontein
42%
Egipt Bur Said/Port Said
42%
Burundi Bujumbura/Bużumbura
38%
Sudan Umm Durman/Omdurman
38%
Libia Bangazi/Bengazi
29%
Kamerun Douala
29%
Ghana Kumasi
25%
Zimbabwe Bulawayo
21%
Benin Cotonou/Kotonu
21%
Somalia Hargeysa/Hargejsa
21%
Nigeria Port Harcourt
21%
Angola Benguela
13%
Burkina Faso Bobo-Dioulasso
13%
Maroko Meknes/Meknes
13%
Kongo Pointe Noire
13%
Nigeria Benin City
8%
Nigeria Kaduna
8%
Demokratyczna Republika Konga Kisangani
8%
Tanzania Mwanza
8%
Republika Południowej Afryki Oos-Londen/East London/Londyn Wschodni
8%
Nigeria Aba
4%
Malawi Blantyre
4%
Angola Cabinda/Kabinda
4%
Nigeria Enugu
4%
Demokratyczna Republika Konga Kananga
4%
Zambia Kitwe
4%
Nigeria Maiduguri
4%
Demokratyczna Republika Konga Mbuji-Mayi
4%
Maroko Sale
4%
Senegal Touba
4%
Egipt Al-Kubra
0%
Kamerun Bafoussam
0%
Nigeria Bauchi
0%
Mozambik Beira
0%
Wybrzeże Kości Słoniowej Bouake
0%
Republika Południowej Afryki Evaton
0%
Kamerun Garoua
0%
Demokratyczna Republika Konga Goma
0%
Nigeria Ilorin
0%
Nigeria Jos
0%
Angola Lubango
0%
Demokratyczna Republika Konga Luka Wu
0%
Demokratyczna Republika Konga Lumbashi
0%
Nigeria Makurdi
0%
Mozambik Matola
0%
Libia Misratah
0%
Nigeria Mubi
0%
Mozambik Nampula
0%
Zambia Ndol
0%
Sudan Nyala
0%
Nigeria Ogbomoso
0%
Nigeria Onitsha
0%
Maroko Oujda
0%
Nigeria Sokoto
0%
Republika Południowej Afryki Soshanguve
0%
Egipt Subra Al-Haima
0%
Egipt Tanta
0%
Demokratyczna Republika Konga Tshikapa
0%
Republika Południowej Afryki Veree-Niging
0%
Nigeria Zaria
0%
Nie znaleziono quizów pasujących do podanych kryteriów
Rozkład punktacji
Procent ludzi z każdym wynikiem
Percentyl według liczby udzielonych odpowiedzi
Twoja historia wyników
Nie rozwiązałeś tego quizu